2022 ballon d'or nominees - Statistics

General Stats
  • This quiz has been taken 36 times
  • The average score is 20 of 30
Answer Stats
Hint Answer % Correct
Liverpool Mohamed Salah
100%
Real Madrid Karim Benzema
97%
Tottenham Harry Kane
93%
Liverpool / Bayern Sadio Mane
93%
Liverpool Virgil Van Dijk
90%
Bayern Munich / Barcelona Robert Lewandowski
87%
Borussia Dortmund/ Manchester City Erling Haaland
83%
Manchester City Kevin De Bruyne
83%
PSG Kylian Mbappe
83%
Real Madrid Luka Modric
80%
Tottenham Son Heung-min
77%
Real Madrid Vinicisu Junior
77%
Manchester United Cristiano Ronaldo
73%
Porto/Liverpool Luis Diaz
73%
Manchetser City Phil Foden
70%
Real Madrid Thibaut Courtois
70%
Benfica / Liverpool Darwin Nunez
67%
Liverpool Trent Alexander-Arnold
67%
Ajax / Borussia Dortmund Sebastien Haller
63%
Manchester City Beranrdo Silva
60%
Bayern Munich Joshua Kimmich
60%
Fiorentina/Juventus Dusan Vlahovic
57%
Manchester City Joao Cancelo
53%
AC Milan Rafael Leao
47%
Manchester City Riyad Mahrez
47%
Real Madrid Casemiro
43%
RB Leipizg Christopher Nkunku
43%
AC Milan Mike Maignan
40%
Chelsea Antonio Rudiger
33%
Liverpool Fabinho
33%
No matching quizzes found
Score Distribution
Percent of People with Each Score
Percentile by Number Answered
Your Score History
You have not taken this quiz